000 00404nam a22001577a 4500
003 SEKU
005 20160127100809.0
008 160127b xxu||||| |||| 00| 0 eng d
040 _aSEKU
050 _aGV1507
_b.P47 2006
100 _aMarzollo, Jean
245 _aI spy/
_badventure 4 picture riddle books
_cJean Marzollo
260 _aNew York:;
_bCartwheel books
300 _apic.
942 _2lcc
_cGEN
999 _c10033
_d10033